Quick Pick: Emmy - Actor in a Limited Series 1952-1964 Quiz Stats

 Plays Quiz not verified by Sporcle

Score 0/11 Timer 01:30
0 Plays Today
% Correct
An Evening with Fred Astaire
63%
Best Actor Award for 1952
35.2%
MacBeth
31.5%
The Caine Mutiny Court-Martial
27.8%
The Invincible Mr. Disraeli
24.1%
Twelve Angry Men
24.1%
Requiem for a Heavyweight
20.4%
The Life of Samuel Johnson
18.5%
The Blacklist
13%
The Price of Tomatoes
13%
The Moon and Sixpence
13%

You're not logged in!

Compare scores with friends on all Sporcle quizzes.
OR
Log In

You Might Also Like...

Show Comments

Extras

Top Quizzes Today


Score Distribution

Your Account Isn't Verified!

In order to create a playlist on Sporcle, you need to verify the email address you used during registration. Go to your Sporcle Settings to finish the process.

Report this User

Report this user for behavior that violates our Community Guidelines.

Details: